[Event "FIDE World Bl Team Pool C"]
[Site "London ENG"]
[Date "2025.06.14"]
[Round "11.6"]
[White "Ziems, Michael"]
[Black "Mortazavi, Sami"]
[Result "1-0"]
[WhiteElo "1904"]
[BlackElo "1805"]
[WhiteTeam "Berlin Chess Federation"]
[BlackTeam "e-therapeutics"]
[WhiteFideId "24678490"]
[BlackFideId "343443834"]
[EventDate "2025.06.14"]
[EventType "team"]

1. d4 g6 2. c4 Bg7 3. Nc3 d6 4. Nf3 Nf6 5. h3 O-O 6. Bf4 c5 7. e3 Nc6 8. d5 Nb8
9. Be2 a6 10. a4 Bf5 11. Bd3 Bxd3 12. Qxd3 Nbd7 13. O-O Rb8 14. Rfe1 Nh5 15. Bh2
Qb6 16. Rab1 Qa5 17. g4 Nhf6 18. e4 Rfd8 19. e5 dxe5 20. Nxe5 Nxe5 21. Bxe5 Rbc8
22. Bg3 Qc7 23. Qe3 Qb6 24. b4 Rd7 25. bxc5 Qxc5 26. Qxc5 Rxc5 27. Be5 Rxc4 28.
Bxf6 Bxf6 29. Ne4 Rxd5 30. Rxb7 Rxa4 31. Nxf6+ exf6 32. Ree7 Rd3 33. Rxf7 Rxh3
34. Rfc7 Rxg4+ 35. Kf1 Rh1+ 36. Ke2 Re4+ 37. Kf3 Re8 38. Rg7+ Kh8 39. Kg2 Rhe1
40. Rxh7+ Kg8 41. Rbf7 1-0

[Event "FIDE World Bl Team Pool C"]
[Site "London ENG"]
[Date "2025.06.14"]
[Round "11.1"]
[White "Mamedyarov, Shakhriyar"]
[Black "Momunaliev, Ruslan"]
[Result "1-0"]
[WhiteTitle "GM"]
[BlackTitle "CM"]
[WhiteElo "2746"]
[BlackElo "2214"]
[WhiteTeam "Generation XYZA"]
[BlackTeam "Youth KG"]
[WhiteFideId "13401319"]
[BlackFideId "13812211"]
[EventDate "2025.06.14"]
[EventType "team"]

1. c4 Nf6 2. Nc3 e5 3. Nf3 Nc6 4. e3 Bb4 5. Qc2 Bxc3 6. bxc3 O-O 7. e4 d6 8. Be2
Ne8 9. d4 f5 10. dxe5 dxe5 11. O-O Nd6 12. exf5 Bxf5 13. Qb3 Qc8 14. c5+ Be6 15.
Qa4 Nf7 16. Be3 Bd5 17. Rfd1 Qe6 18. Ng5 Nxg5 19. Rxd5 Nf7 20. Rad1 Rad8 21. Bc4
Qe7 22. Qb5 Rxd5 23. Bxd5 Rd8 24. Qxb7 Qe6 25. c4 Qg4 26. f3 Qd7 27. h3 Nd4 28.
Bxd4 exd4 29. Rxd4 Kh8 30. Re4 Ng5 31. Re3 Rf8 32. Qxa7 h5 33. c6 Nxh3+ 34. gxh3
Qxh3 35. Qxc7 Rf6 36. Re8+ Kh7 37. Be4+ Kh6 38. Rh8+ Kg5 39. Qxg7+ 1-0

[Event "FIDE World Bl Team Pool C"]
[Site "London ENG"]
[Date "2025.06.14"]
[Round "11.2"]
[White "Beknazarov, Emir"]
[Black "Gurel, Ediz"]
[Result "0-1"]
[BlackTitle "GM"]
[WhiteElo "1878"]
[BlackElo "2636"]
[WhiteTeam "Youth KG"]
[BlackTeam "Generation XYZA"]
[WhiteFideId "13816063"]
[BlackFideId "44507356"]
[EventDate "2025.06.14"]
[EventType "team"]

1. Nf3 d5 2. b3 Bf5 3. Bb2 e6 4. e3 Nf6 5. c4 c6 6. Nc3 h6 7. Be2 Nbd7 8. O-O
Bd6 9. cxd5 exd5 10. d3 O-O 11. h3 Re8 12. Qd2 a5 13. Rac1 Bh7 14. a3 Nc5 15.
Qd1 Qb6 16. Nd4 Be5 17. Rb1 Ncd7 18. Na4 Qc7 19. Rc1 Qd8 20. Nc5 Nxc5 21. Rxc5
Qe7 22. Rc1 c5 23. f4 Bxd4 0-1

[Event "FIDE World Bl Team Pool C"]
[Site "London ENG"]
[Date "2025.06.14"]
[Round "11.3"]
[White "Solak, Dragan"]
[Black "Kurbanbaev, Zalkar"]
[Result "1-0"]
[WhiteTitle "GM"]
[WhiteElo "2591"]
[BlackElo "2119"]
[WhiteTeam "Generation XYZA"]
[BlackTeam "Youth KG"]
[WhiteFideId "916811"]
[BlackFideId "13808524"]
[EventDate "2025.06.14"]
[EventType "team"]

1. e4 c5 2. Nc3 Nc6 3. Bb5 Nd4 4. Bc4 g6 5. Nf3 Bg7 6. Nxd4 Bxd4 7. O-O e6 8.
Nb5 Be5 9. d4 cxd4 10. f4 Bg7 11. Nd6+ Kf8 12. e5 Ne7 13. Qxd4 b6 14. b3 Bb7 1-0

[Event "FIDE World Bl Team Pool C"]
[Site "London ENG"]
[Date "2025.06.14"]
[Round "11.4"]
[White "Keneshbekov, Elim"]
[Black "Erdogmus, Yagiz Kaan"]
[Result "0-1"]
[WhiteTitle "CM"]
[BlackTitle "GM"]
[WhiteElo "1883"]
[BlackElo "2626"]
[WhiteTeam "Youth KG"]
[BlackTeam "Generation XYZA"]
[WhiteFideId "13816772"]
[BlackFideId "44599790"]
[EventDate "2025.06.14"]
[EventType "team"]

1. e4 Nc6 2. d4 d5 3. Nc3 dxe4 4. d5 Nb8 5. Nxe4 Nf6 6. Nxf6+ exf6 7. Nf3 Bd6 8.
Bd3 O-O 9. O-O Bg4 10. Be2 Re8 11. Nd4 Bxe2 12. Nxe2 Nd7 13. Bf4 Nb6 14. Bxd6
Qxd6 15. Nc3 Rad8 16. Qf3 Nxd5 17. Rad1 Re5 18. Ne4 Qe7 19. Ng3 c6 20. c4 Nc7
21. Nf5 Qe8 22. Rxd8 Qxd8 23. Rd1 Qe8 24. h4 Re1+ 25. Rxe1 Qxe1+ 26. Kh2 Qe5+
27. g3 g6 28. Ne3 h5 29. b3 Ne6 30. Kg2 Nd4 31. Qf4 Qxf4 32. gxf4 Ne2 33. Kf3
Nc1 34. c5 Nxa2 35. Nc4 Nc1 36. b4 Nd3 37. Na5 Nxb4 38. Nxb7 Kf8 39. Nd6 Nd3 40.
Nc8 a5 41. Ke3 Nxc5 42. Na7 a4 43. Nxc6 a3 44. Nb4 f5 45. Kd4 Ne6+ 46. Ke5 Ke7
47. Nd5+ Kd7 48. Nc3 Nc5 49. Na2 Nd3+ 50. Kf6 Ke8 51. Nc3 Nxf4 52. f3 Nd5+ 0-1

[Event "FIDE World Bl Team Pool C"]
[Site "London ENG"]
[Date "2025.06.14"]
[Round "11.5"]
[White "Mamedjarova, Turkan"]
[Black "Sezdbekova, Aizhan"]
[Result "1-0"]
[WhiteTitle "WGM"]
[BlackTitle "WCM"]
[WhiteElo "2216"]
[BlackElo "1884"]
[WhiteTeam "Generation XYZA"]
[BlackTeam "Youth KG"]
[WhiteFideId "13402005"]
[BlackFideId "13803590"]
[EventDate "2025.06.14"]
[EventType "team"]

1. e4 e5 2. Nf3 Nc6 3. d4 exd4 4. Nxd4 Nf6 5. Nxc6 bxc6 6. Bd3 d5 7. e5 Ng4 8.
Bf4 Bc5 9. O-O O-O 10. Qf3 f5 11. h3 Nh6 12. Qg3 Nf7 13. Re1 Be6 14. h4 Be7 15.
h5 Bg5 16. Nd2 Bxf4 17. Qxf4 Qg5 18. Qxg5 Nxg5 19. Nb3 Ne4 20. Nd4 Rae8 21. Nxc6
Bd7 22. Nd4 c5 23. Bb5 Bxb5 24. Nxb5 Re7 25. Rad1 d4 26. c3 a6 27. Na3 dxc3 28.
f3 Ng3 29. bxc3 Nxh5 30. Kf2 Nf4 31. g3 Ne6 32. Nc4 g5 33. Rd6 Rb8 34. Rxa6 Kf7
35. Nd6+ Kg6 36. Nc4 Kf7 37. a4 Rb3 38. Rh1 Kg7 39. Nd6 Kg6 40. g4 fxg4 41. fxg4
Rxc3 42. Nf5 Re8 43. Rh6+ Kf7 44. Rf6+ Kg8 45. Raxe6 Rxe6 46. Rxe6 Rc4 47. Re8+
Kf7 48. Nd6+ 1-0

[Event "FIDE World Bl Team Pool C"]
[Site "London ENG"]
[Date "2025.06.14"]
[Round "11.6"]
[White "Mukanov, Iskender"]
[Black "Yontar, Sabrican Onay"]
[Result "1-0"]
[WhiteElo "1715"]
[BlackElo "1941"]
[WhiteTeam "Youth KG"]
[BlackTeam "Generation XYZA"]
[WhiteFideId "13829599"]
[BlackFideId "6373623"]
[EventDate "2025.06.14"]
[EventType "team"]

1. e4 e5 2. Nf3 Nc6 3. Bb5 Nd4 4. Nxd4 exd4 5. O-O Bc5 6. c3 c6 7. Bc4 d6 8. Re1
Ne7 9. a4 a5 10. d3 O-O 11. Nd2 dxc3 12. bxc3 d5 13. exd5 Nxd5 14. Ne4 Ba7 15.
Bg5 f6 16. Be3 Bxe3 17. Rxe3 Kh8 18. Re1 Bf5 19. Qb3 Nb6 20. Ng3 Bg6 21. d4 Nxc4
22. Qxc4 Re8 23. Qb3 Qd7 24. h3 Bf7 25. Qb6 Red8 26. Re3 f5 27. Rae1 f4 28. Re7
Qd5 29. R1e5 Qa2 30. Nf5 Qa1+ 31. Kh2 Bg6 1-0

[Event "FIDE World Bl Team Pool C"]
[Site "London ENG"]
[Date "2025.06.14"]
[Round "11.1"]
[White "Zakarian, David"]
[Black "Pichot, Alan"]
[Result "0-1"]
[WhiteTitle "FM"]
[BlackTitle "GM"]
[WhiteElo "2301"]
[BlackElo "2588"]
[WhiteTeam "ANI"]
[BlackTeam "Duobeniajan Costa Calida ESJ"]
[WhiteFideId "13301276"]
[BlackFideId "110973"]
[EventDate "2025.06.14"]
[EventType "team"]

1. e4 c5 2. Nf3 d6 3. Bb5+ Nd7 4. d4 cxd4 5. Qxd4 a6 6. Bxd7+ Bxd7 7. c4 Rc8 8.
Nc3 h6 9. O-O Nf6 10. e5 dxe5 11. Nxe5 e6 12. Rd1 Bc5 13. Qh4 Qe7 14. Bg5 Bxf2+
15. Kxf2 Qc5+ 16. Rd4 Qxe5 17. Bxf6 Qxf6+ 18. Qxf6 gxf6 19. Ne4 Ke7 20. Nxf6 Bc6
21. Ng4 Rhg8 22. Ne3 Rg5 23. Re1 h5 24. g3 Ra5 25. a3 Rg8 26. Re2 Rgg5 27. Red2
Rae5 28. b4 Rg6 29. Rf4 Rf6 30. Rxf6 Kxf6 31. c5 Ke7 32. Nc4 Rf5+ 33. Ke1 Rf3
34. Rd4 f6 35. Ke2 Rc3 36. Rh4 Bb5 37. Rxh5 Rxc4 38. Kd2 Bc6 39. Rh7+ Kf8 40. h4
Rg4 41. Kd3 0-1

[Event "FIDE World Bl Team Pool C"]
[Site "London ENG"]
[Date "2025.06.14"]
[Round "11.2"]
[White "Ibarra Jerez, Jose Carlos"]
[Black "Kiremitciyan, Ari"]
[Result "1-0"]
[WhiteTitle "GM"]
[BlackTitle "FM"]
[WhiteElo "2545"]
[BlackElo "2271"]
[WhiteTeam "Duobeniajan Costa Calida ESJ"]
[BlackTeam "ANI"]
[WhiteFideId "2226332"]
[BlackFideId "6373445"]
[EventDate "2025.06.14"]
[EventType "team"]

1. e4 c6 2. Nf3 d5 3. d3 dxe4 4. dxe4 Qxd1+ 5. Kxd1 Nf6 6. Nbd2 g6 7. Ne5 Be6 8.
Nd3 Bh6 9. f3 Nfd7 10. h4 Na6 11. h5 O-O-O 12. c3 Ndc5 13. Kc2 Nxd3 14. Bxd3 Nc5
15. Be2 b6 16. b4 Na4 17. Nb3 Bxc1 18. Raxc1 Kc7 19. Nd4 Bc8 20. Bc4 e5 21. Ne2
f6 22. Bb3 Ba6 23. c4 b5 24. c5 Bc8 25. h6 a5 26. a3 axb4 27. axb4 f5 28. Ng3
fxe4 29. Nxe4 Bf5 30. Rhe1 Rd4 31. Bxa4 bxa4 32. Kc3 Rb8 33. Rb1 Bxe4 34. Rxe4
Rxe4 35. fxe4 Rf8 36. Ra1 Rf4 37. Rxa4 Rxe4 38. Ra7+ Kb8 39. Rxh7 Rg4 40. Rg7 1-0

[Event "FIDE World Bl Team Pool C"]
[Site "London ENG"]
[Date "2025.06.14"]
[Round "11.3"]
[White "Stepanyan, Henrik"]
[Black "Cuenca Jimenez, Jose Fernando"]
[Result "0-1"]
[BlackTitle "GM"]
[WhiteElo "2200"]
[BlackElo "2487"]
[WhiteTeam "ANI"]
[BlackTeam "Duobeniajan Costa Calida ESJ"]
[WhiteFideId "401030"]
[BlackFideId "2255570"]
[EventDate "2025.06.14"]
[EventType "team"]

1. d4 Nf6 2. c4 g6 3. Nc3 Bg7 4. e4 d6 5. Nf3 O-O 6. h3 e5 7. dxe5 dxe5 8. Qxd8
Rxd8 9. Bg5 c6 10. Nxe5 Re8 11. O-O-O Na6 12. Nf3 Nc5 13. e5 Nfd7 14. Be3 Ne6
15. Ne4 Nxe5 16. Nxe5 Bxe5 17. Nd6 Rd8 18. Nxc8 Bxb2+ 19. Kc2 Rxd1 20. Ne7+ Kf8
21. Nxg6+ hxg6 22. Kxd1 Bd4 23. Bxd4 Nxd4 24. h4 Kg7 25. Rh3 Rd8 26. Kc1 c5 27.
Ra3 Ra8 28. g3 a6 29. Bg2 Ra7 30. Re3 b5 31. Bd5 Rc7 32. Re8 Rd7 33. Ra8 Rd6 34.
Ra7 Rf6 35. f4 Nf5 36. g4 Nxh4 37. f5 Kh6 38. Rxf7 Rxf7 39. Bxf7 gxf5 40. gxf5
Nxf5 41. cxb5 axb5 42. Kd2 Kg5 43. Kd3 Kf4 44. Be8 Nd6 45. Bc6 Ke5 46. a4 b4 47.
a5 c4+ 48. Kc2 Kd4 49. a6 Nc8 50. Bb7 Na7 51. Kb1 Kc3 52. Be4 b3 53. Bd5 Kb4 54.
Bf7 c3 55. Be6 Nb5 56. Bf7 Na3+ 57. Ka1 b2+ 0-1

[Event "FIDE World Bl Team Pool C"]
[Site "London ENG"]
[Date "2025.06.14"]
[Round "11.4"]
[White "Camacho Collados, Marcos"]
[Black "Zakarian, Dimitrios Levon"]
[Result "1-0"]
[WhiteTitle "IM"]
[WhiteElo "2462"]
[BlackElo "2079"]
[WhiteTeam "Duobeniajan Costa Calida ESJ"]
[BlackTeam "ANI"]
[WhiteFideId "2266237"]
[BlackFideId "453080"]
[EventDate "2025.06.14"]
[EventType "team"]

1. d4 Nf6 2. Nf3 e6 3. Bg5 h6 4. Bh4 b6 5. Nbd2 Bb7 6. e3 Be7 7. Bd3 O-O 8. c3
c5 9. Bxf6 Bxf6 10. h4 d6 11. g4 cxd4 12. exd4 g6 13. Qe2 e5 14. dxe5 dxe5 15.
Ne4 Bg7 16. O-O-O Qe7 17. h5 Nd7 18. g5 gxh5 19. Rxh5 f5 20. gxh6 fxe4 21. hxg7
Rf7 22. Rg1 Rxg7 23. Bc4+ 1-0

[Event "FIDE World Bl Team Pool C"]
[Site "London ENG"]
[Date "2025.06.14"]
[Round "11.5"]
[White "Grigoryan, Meri"]
[Black "Khotenashvili, Bella"]
[Result "0-1"]
[WhiteTitle "WFM"]
[BlackTitle "GM"]
[WhiteElo "1980"]
[BlackElo "2418"]
[WhiteTeam "ANI"]
[BlackTeam "Duobeniajan Costa Calida ESJ"]
[WhiteFideId "13300571"]
[BlackFideId "13602640"]
[EventDate "2025.06.14"]
[EventType "team"]

1. Nf3 g6 2. g3 Bg7 3. Bg2 c5 4. O-O Nc6 5. c3 e5 6. e4 Nge7 7. d3 O-O 8. Bg5 h6
9. Be3 b6 10. d4 d6 11. d5 Nb8 12. c4 f5 13. Nc3 f4 14. Bd2 g5 15. a3 Ng6 16.
Qc1 g4 17. Ne1 f3 18. Bh1 Kh7 19. Qd1 Bf6 20. Nxf3 gxf3 21. Bxf3 Bg5 22. Bh5
Bxd2 23. Qxd2 Bh3 24. Rfe1 Nd7 25. Ne2 Nf6 26. Bxg6+ Kxg6 27. f4 Ng4 28. f5+ Kh7
29. Nc1 a6 30. b4 cxb4 31. axb4 Qc7 32. Qe2 Rfc8 33. c5 bxc5 34. Rxa6 cxb4 35.
Rxa8 Rxa8 36. Nd3 Qb6+ 37. Kh1 b3 38. Rb1 Ra2 0-1

[Event "FIDE World Bl Team Pool C"]
[Site "London ENG"]
[Date "2025.06.14"]
[Round "11.6"]
[White "Torres, Lucas"]
[Black "Mesropyan, Hayk"]
[Result "1-0"]
[WhiteElo "1897"]
[BlackElo "1866"]
[WhiteTeam "Duobeniajan Costa Calida ESJ"]
[BlackTeam "ANI"]
[WhiteFideId "1769464"]
[BlackFideId "499455"]
[EventDate "2025.06.14"]
[EventType "team"]

1. e4 e5 2. Nf3 Nc6 3. d4 exd4 4. Nxd4 Bc5 5. Nb3 Bb6 6. Qe2 d6 7. Nc3 Nf6 8.
Be3 Be6 9. f3 O-O 10. O-O-O Nb4 11. Kb1 Qe7 12. g4 Bxe3 13. Qxe3 c5 14. h4 c4
15. Nd4 d5 16. g5 Nh5 17. exd5 Nxd5 18. Nxd5 Qd6 19. Nxe6 Qxe6 20. Bxc4 Qxe3 21.
Nxe3 Rfe8 22. Rhe1 g6 23. Nd5 Red8 24. Kc1 Kg7 25. Re7 b5 26. Bb3 Re8 27. Rde1
Rxe7 28. Rxe7 a5 29. Nc7 1-0

[Event "FIDE World Bl Team Pool C"]
[Site "London ENG"]
[Date "2025.06.14"]
[Round "11.1"]
[White "Keymer, Vincent"]
[Black "Gan-Erdene, Sugar"]
[Result "1-0"]
[WhiteTitle "GM"]
[BlackTitle "IM"]
[WhiteElo "2730"]
[BlackElo "2454"]
[WhiteTeam "Germany and Friends"]
[BlackTeam "Mongolia-B"]
[WhiteFideId "12940690"]
[BlackFideId "4902980"]
[EventDate "2025.06.14"]
[EventType "team"]

1. c4 Nf6 2. Nf3 e6 3. Nc3 d5 4. e3 b6 5. cxd5 exd5 6. g3 Bb7 7. Bg2 Bd6 8. O-O
O-O 9. b3 a6 10. Bb2 Nbd7 11. Rc1 Re8 12. Re1 Rc8 13. Re2 c5 14. d4 Qe7 15. dxc5
bxc5 16. Rd2 Nb6 17. Nh4 Qe6 18. Qf1 Be5 19. Rcd1 Ne4 20. Nxe4 dxe4 21. Bh3 Qf6
22. Bxe5 Qxe5 23. Bxc8 Bxc8 24. Rd8 g5 25. Ng2 Rxd8 26. Rxd8+ Kg7 27. Qd1 Be6
28. h4 Nd5 29. Qh5 h6 30. hxg5 Qxg5 31. Qxg5+ hxg5 32. Ra8 Nb4 33. a3 Nd3 34.
Rxa6 Bxb3 35. a4 c4 36. Rc6 Nb4 37. Rc8 Kf6 38. a5 Ke7 39. Ne1 Kd7 40. Rb8 Nc6
41. Rb5 Ba4 42. Rxg5 Kd6 43. a6 c3 44. a7 Nxa7 45. Ra5 c2 46. Nxc2 Bxc2 47. Rxa7
f5 48. Kg2 Bd1 49. Kh3 1-0

[Event "FIDE World Bl Team Pool C"]
[Site "London ENG"]
[Date "2025.06.14"]
[Round "11.2"]
[White "Bilguun, Sumiya"]
[Black "Svane, Rasmus"]
[Result "0-1"]
[WhiteTitle "GM"]
[BlackTitle "GM"]
[WhiteElo "2451"]
[BlackElo "2626"]
[WhiteTeam "Mongolia-B"]
[BlackTeam "Germany and Friends"]
[WhiteFideId "4901541"]
[BlackFideId "4657101"]
[EventDate "2025.06.14"]
[EventType "team"]

1. e4 e5 2. Nf3 Nc6 3. Bc4 Nf6 4. d3 h6 5. a4 Bc5 6. c3 a5 7. O-O d6 8. Nbd2 O-O
9. Re1 Be6 10. Nf1 Nxe4 11. Rxe4 d5 12. Nxe5 dxe4 13. Nxc6 bxc6 14. Bxe6 fxe6
15. d4 Bd6 16. Qe2 Qh4 17. g3 Qf6 18. Nd2 e5 19. Nxe4 Qf5 20. Nxd6 cxd6 21. dxe5
Qxe5 22. Be3 Qe4 23. Rd1 d5 24. Rd4 Qf5 25. Rg4 Kh7 26. Bd4 Rf7 27. Kg2 Rb8 28.
Rf4 Qg6 29. Rxf7 Qxf7 30. h4 Qf5 31. Kh2 Qe4 32. Qd2 Qb1 33. c4 Qe4 34. cxd5
cxd5 35. Bc3 Rf8 36. Bxa5 Qxa4 37. Bc3 Qe4 38. Bd4 Rf3 39. Bc3 Rd3 40. Qc1 d4
41. Bb4 Rf3 42. Kg1 d3 43. Bd2 Qe2 44. Qe1 Qxe1+ 45. Bxe1 Rf6 46. Bc3 Re6 47.
Kf1 Kg6 48. Bd2 Kf5 49. Be3 Ke4 50. Ke1 Rc6 51. b4 Rc2 52. b5 Rb2 53. b6 Kd5 54.
Kd1 Kc4 55. Kc1 Rb5 56. Kd2 g5 57. hxg5 hxg5 58. g4 Rb2+ 59. Kc1 Rb3 60. Kd2 Rb1
61. Bxg5 Rxb6 62. Be3 Rb2+ 63. Kc1 Ra2 64. Bf4 Rxf2 65. Bd2 Rg2 66. g5 Kb3 67.
Bf4 Kc3 68. Be5+ Kc4 69. Bf4 Kd4 70. Bd2 Rg1+ 71. Kb2 Kc4 72. Be3 Rg2+ 73. Kc1
Kc3 74. Kd1 d2 75. g6 Kd3 76. g7 Rxg7 77. Bxd2 Rg1+ 78. Be1 Rh1 0-1

[Event "FIDE World Bl Team Pool C"]
[Site "London ENG"]
[Date "2025.06.14"]
[Round "11.3"]
[White "Svane, Frederik"]
[Black "Batkhuyag, Munguntuul"]
[Result "1-0"]
[WhiteTitle "GM"]
[BlackTitle "IM"]
[WhiteElo "2667"]
[BlackElo "2356"]
[WhiteTeam "Germany and Friends"]
[BlackTeam "Mongolia-B"]
[WhiteFideId "12923044"]
[BlackFideId "4900758"]
[EventDate "2025.06.14"]
[EventType "team"]

1. e4 c6 2. d4 d5 3. exd5 cxd5 4. Nf3 Nc6 5. c3 Nf6 6. Ne5 e6 7. Nd2 Bd6 8. f4
O-O 9. Bd3 Nd7 10. O-O f5 11. Nxd7 Bxd7 12. Nf3 Be8 13. Qe2 Qf6 14. Ne5 Bc7 15.
Bd2 Nxe5 16. fxe5 Qe7 17. g4 Bd7 18. Kh1 fxg4 19. Qxg4 Rxf1+ 20. Rxf1 Rf8 21.
Rg1 Qf7 22. Bh6 g6 23. Bxf8 Qxf8 24. Bxg6 Kh8 25. Bxh7 1-0

[Event "FIDE World Bl Team Pool C"]
[Site "London ENG"]
[Date "2025.06.14"]
[Round "11.4"]
[White "Mungunzul, Bat-Erdene"]
[Black "Donchenko, Alexander"]
[Result "0-1"]
[WhiteTitle "WCM"]
[BlackTitle "GM"]
[WhiteElo "2337"]
[BlackElo "2613"]
[WhiteTeam "Mongolia-B"]
[BlackTeam "Germany and Friends"]
[WhiteFideId "4902831"]
[BlackFideId "24603295"]
[EventDate "2025.06.14"]
[EventType "team"]

1. d4 Nf6 2. c4 e6 3. Nf3 b6 4. g3 Ba6 5. b3 Bb4+ 6. Bd2 Be7 7. Bg2 O-O 8. O-O
d5 9. cxd5 exd5 10. Nc3 Re8 11. Ne5 Bb7 12. Qc2 c5 13. dxc5 bxc5 14. Bf4 Nbd7
15. Na4 Rc8 16. Rfd1 Nf8 17. Nd3 Ne6 18. Be5 Nd7 19. Bb2 Qc7 20. Rac1 d4 21.
Bxb7 Qxb7 22. Ba3 h5 23. h4 Qe4 24. Ne1 Qg4 25. Ng2 g5 26. hxg5 Bxg5 27. f4 Bxf4
28. gxf4 Nxf4 29. e3 Rxe3 30. Rd2 Ne2+ 0-1

[Event "FIDE World Bl Team Pool C"]
[Site "London ENG"]
[Date "2025.06.14"]
[Round "11.5"]
[White "Wagner, Dinara"]
[Black "Sodbilegt, Naranbold"]
[Result "1/2-1/2"]
[WhiteTitle "IM"]
[BlackTitle "FM"]
[WhiteElo "2404"]
[BlackElo "2363"]
[WhiteTeam "Germany and Friends"]
[BlackTeam "Mongolia-B"]
[WhiteFideId "24157570"]
[BlackFideId "4903528"]
[EventDate "2025.06.14"]
[EventType "team"]

1. d4 Nf6 2. c4 e6 3. Nf3 d5 4. g3 Bb4+ 5. Bd2 a5 6. a3 Bxd2+ 7. Qxd2 O-O 8. Bg2
b6 9. cxd5 exd5 10. Nc3 Nbd7 11. O-O Bb7 12. Rfd1 Qe7 13. Rac1 Rfd8 14. Qf4 c6
15. Nd2 Nf8 16. e4 Ne6 17. Qe3 dxe4 18. Ndxe4 Nxe4 19. Nxe4 Rac8 20. Rd2 c5 21.
dxc5 Rxd2 22. Nxd2 Bxg2 23. Kxg2 Rxc5 24. Rxc5 bxc5 25. Nc4 a4 26. Qe4 h6 27.
Qa8+ Kh7 28. Qe4+ Kg8 29. h4 Qc7 30. Ne5 Nd4 31. Qd5 Ne6 32. Nc4 Nd4 33. Nd6 Ne6
34. h5 Qb6 35. Nc4 Qc7 36. Qa8+ Kh7 37. Qe4+ Kg8 38. Qd5 Qb8 39. Qc6 Qb3 40.
Qa8+ Kh7 41. Qe4+ Kg8 42. Qa8+ Kh7 43. Qe4+ Kg8 44. Qa8+ Kh7 45. Qd5 Kg8 46.
Qa8+ Kh7 47. Qe4+ Kg8 48. Qd5 Kh7 49. Qe4+ Kg8 50. Qa8+ Kh7 51. Qe4+ 1/2-1/2

[Event "FIDE World Bl Team Pool C"]
[Site "London ENG"]
[Date "2025.06.14"]
[Round "11.6"]
[White "Enkhbayar, Genden"]
[Black "Lobkin, Bohdan"]
[Result "0-1"]
[WhiteElo "1837"]
[BlackElo "1900"]
[WhiteTeam "Mongolia-B"]
[BlackTeam "Germany and Friends"]
[WhiteFideId "4928415"]
[BlackFideId "34115552"]
[EventDate "2025.06.14"]
[EventType "team"]

1. d4 Nf6 2. c4 g6 3. Nc3 Bg7 4. Nf3 d6 5. Bg5 Nbd7 6. e3 c5 7. Rc1 Qa5 8. Bd3
O-O 9. O-O Re8 10. Re1 h6 11. Bh4 Nf8 12. Qc2 e5 13. dxe5 dxe5 14. Nd2 g5 15.
Bg3 Nh5 16. a3 Be6 17. Nd5 Bxd5 18. cxd5 Rac8 19. Nc4 Qd8 20. Bf5 Rc7 21. d6 Rc6
22. Be4 Rxd6 23. Nxd6 Qxd6 24. Bxb7 Ne6 25. Red1 Qb6 26. Bd5 Rc8 27. Qb3 Qa6 28.
Bc4 Qc6 29. Qb5 f5 30. f3 f4 31. exf4 gxf4 32. Bf2 Qxb5 33. Bxb5 Nd4 34. Bc4+
Kf8 35. b4 cxb4 36. axb4 Rb8 37. Rb1 Nf5 38. Bxa7 Rc8 39. Bc5+ Ke8 40. Rd5 Bf6
41. Bb5+ Kf7 42. Rd7+ Kg8 43. Bc4+ Kh8 44. Be6 Rf8 45. Bxf5 Ra8 46. Ra7 Rb8 47.
b5 Ng7 48. Be4 Ne6 49. Bd6 Rb6 50. Ra8+ Kg7 51. Rb8 Rxd6 52. b6 Bd8 53. b7 Bb6+
54. Kf1 Nc5 55. Rc8 Nxb7 56. Bxb7 Be3 57. Rc7+ Kf8 58. Be4 Rd8 59. Ra1 Rb8 60.
Rb7 Rc8 61. g4 Bd4 62. Rab1 Rc3 63. Rb8+ Ke7 64. R1b7+ Kd6 65. Rd8+ Ke6 66. Re8+
Kd6 67. Rbb8 Rc1+ 68. Ke2 Rh1 69. Rbd8+ Kc5 70. Rc8+ Kb4 71. Rb8+ Ka5 72. Rec8
Rxh2+ 73. Kd3 Rh1 74. Kc4 Rc1+ 75. Kd5 Rd1 76. Ra8+ Kb5 77. Rcb8+ Bb6+ 0-1

[Event "FIDE World Bl Team Pool C"]
[Site "London ENG"]
[Date "2025.06.14"]
[Round "12.1"]
[White "Abdusattorov, Nodirbek"]
[Black "Keymer, Vincent"]
[Result "1-0"]
[WhiteTitle "GM"]
[BlackTitle "GM"]
[WhiteElo "2767"]
[BlackElo "2730"]
[WhiteTeam "Uzbekistan"]
[BlackTeam "Germany and Friends"]
[WhiteFideId "14204118"]
[BlackFideId "12940690"]
[EventDate "2025.06.14"]
[EventType "team"]

1. c4 e6 2. Nf3 d5 3. g3 d4 4. Bg2 h5 5. d3 Nh6 6. Na3 Nf5 7. h4 Nc6 8. Nc2 a5
9. O-O Bc5 10. b3 e5 11. a3 O-O 12. Rb1 Qe7 13. Ng5 Bd6 14. Ne4 Be6 15. Qe1 Nd8
16. b4 axb4 17. axb4 c6 18. Qd1 f6 19. e3 dxe3 20. Nxe3 Nxe3 21. Bxe3 Bxb4 22.
Qxh5 Nf7 23. Rxb4 Qxb4 24. Nxf6+ gxf6 25. Qg6+ Kh8 26. Qxf6+ Kg8 27. Qxe6 Qd6
28. Qg4+ Kh8 29. Be4 Rg8 30. Qf5 Kg7 31. Rb1 Rab8 32. Ba7 Rbd8 33. Rxb7 1-0

[Event "FIDE World Bl Team Pool C"]
[Site "London ENG"]
[Date "2025.06.14"]
[Round "12.2"]
[White "Svane, Rasmus"]
[Black "Sindarov, Javokhir"]
[Result "0-1"]
[WhiteTitle "GM"]
[BlackTitle "GM"]
[WhiteElo "2626"]
[BlackElo "2710"]
[WhiteTeam "Germany and Friends"]
[BlackTeam "Uzbekistan"]
[WhiteFideId "4657101"]
[BlackFideId "14205483"]
[EventDate "2025.06.14"]
[EventType "team"]

1. Nf3 Nf6 2. g3 g6 3. Bg2 Bg7 4. O-O c5 5. c4 Nc6 6. Nc3 d6 7. b3 O-O 8. Bb2 e5
9. e3 Re8 10. d3 h6 11. a3 Be6 12. Rc1 Rc8 13. Nd2 b6 14. Nd5 Ne7 15. Nxf6+ Bxf6
16. b4 Bg7 17. Qa4 Rc7 18. bxc5 dxc5 19. Rfd1 Qd7 20. Qc2 Bg4 21. Bf3 Rd8 22.
Bxg4 Qxg4 23. Ne4 Rcd7 24. Kg2 Rxd3 25. f3 Qd7 26. Nf2 Rd2 27. Qb3 e4 28. Rxd2
exf3+ 29. Kg1 Qxd2 30. Rd1 Bxb2 31. Rxd2 Rxd2 32. Kf1 Nf5 33. g4 Nd6 34. h3 Bf6
35. Qa4 Bh4 36. Nd1 Ne4 37. Qe8+ Kg7 38. Qe5+ Kh7 39. Nb2 Re2 40. Nd3 Ng3+ 41.
Kg1 Rg2# 0-1